000
00346nam a2200133Ia 4500
008
100328s9999 xx 000 0 und d
082
_b
40
100
_a
Franz Funck -Brentano
245
_a
Cagliostro And Company
260
_b
Collins Clear-Type Press
630
_a
Cagliostro And Company
730
_a
Cagliostro And Company
942
_c
BOOK
999
_c
496437
_d
496434